[Event "24th Open"]
[Site "Pula CRO"]
[Date "2010.06.19"]
[Round "1"]
[White "Predojevic,B"]
[Black "Wagner,Rai"]
[Result "1-0"]
[WhiteElo "2628"]
[BlackElo "2023"]
[EventDate "2010.06.19"]

1. e4 c5 2. Nf3 d6 3. d4 cxd4 4. Nxd4 Nf6 5. Nc3 a6 6. h3 e5 7. Nde2 Be6 8.
g4 d5 9. exd5 Nxd5 10. Bg2 Bb4 11. O-O Bxc3 12. Nxc3 Nxc3 13. bxc3 Nc6 14.
Ba3 f6 15. Rb1 Qc7 16. Bd6 Qd7 17. Bc5 Rd8 18. Qxd7+ Rxd7 19. Rxb7 Rxb7 20.
Bxc6+ Rd7 21. Rd1 Kd8 22. Bxd7 Bxd7 23. Rd6 Kc7 24. Rxa6 Bc6 25. h4 Rb8 26.
Ra7+ Bb7 27. Kf1 Rd8 28. Ke2 Rd5 29. Be3 Rb5 30. c4 Rb1 31. a4 Kb8 32. Kd2
Rg1 33. g5 Rg4 34. a5 Rxc4 35. a6 Be4 36. Rxg7 Rxc2+ 37. Kd1 Rc7 38. a7+
Kc8 39. Rg8+ 1-0

[Event "24th Open"]
[Site "Pula CRO"]
[Date "2010.06.19"]
[Round "1"]
[White "Birens,EA"]
[Black "Felgaer,R"]
[Result "0-1"]
[WhiteElo "2021"]
[BlackElo "2585"]
[EventDate "2010.06.19"]

1. d4 Nf6 2. c4 g6 3. Nc3 Bg7 4. e4 d6 5. Be2 O-O 6. Nf3 c5 7. d5 e6 8. O-O
Re8 9. Qc2 Na6 10. h3 exd5 11. cxd5 Nb4 12. Qd1 Nxe4 13. Nxe4 Rxe4 14. a3
Nxd5 15. Bd3 Re7 16. Bxg6 hxg6 17. Qxd5 Be6 18. Qd1 Bc4 19. Re1 Rxe1+ 20.
Qxe1 Qe8 21. Be3 Bxb2 22. Rb1 Bg7 23. Qd2 Qe4 24. Rd1 Bb3 25. Ng5 Qc6 26.
Rc1 Re8 27. h4 Bd5 28. Rd1 Bxg2 29. Qxd6 Qxd6 30. Rxd6 Bc6 31. Nh3 c4 32.
Nf4 c3 33. Nd3 c2 34. Bd2 Bf8 35. Rd4 Bxa3 36. Rc4 Rd8 37. Rc3 Be7 0-1

[Event "24th Open"]
[Site "Pula CRO"]
[Date "2010.06.19"]
[Round "1"]
[White "Saric,Iv"]
[Black "Genda,K"]
[Result "1-0"]
[WhiteElo "2580"]
[BlackElo "2016"]
[EventDate "2010.06.19"]

1. e4 c5 2. Nf3 e6 3. d4 cxd4 4. Nxd4 a6 5. Be2 Qc7 6. O-O b5 7. a4 b4 8.
c3 Bb7 9. Bf3 Nc6 10. Nxc6 Bxc6 11. cxb4 Bxb4 12. Qd4 Bd6 13. g3 Nf6 14.
Nd2 Be5 15. Qc5 d5 16. Re1 dxe4 17. Nxe4 Nxe4 18. Bxe4 Bxe4 19. Qxc7 Bxc7
20. Rxe4 O-O 21. Be3 Rab8 22. Rc1 Ba5 23. Bc5 Rfc8 24. Rec4 h6 25. b4 Bb6
26. Bd6 Rxc4 27. Rxc4 Rb7 28. a5 Ba7 29. Rc6 Rb5 30. Rxa6 Bd4 31. Rc6 1-0

[Event "24th Open"]
[Site "Pula CRO"]
[Date "2010.06.19"]
[Round "1"]
[White "Ascic,I"]
[Black "Kovacevic,A"]
[Result "0-1"]
[WhiteElo "2012"]
[BlackElo "2573"]
[EventDate "2010.06.19"]

1. e4 c5 2. Nf3 d6 3. c4 Bg4 4. Be2 Nc6 5. Nc3 g6 6. d3 Bg7 7. Be3 Bxf3 8.
Bxf3 e6 9. Qd2 Nge7 10. O-O O-O 11. Rab1 Nd4 12. Bxd4 Bxd4 13. Ne2 Bg7 14.
g3 Nc6 15. Bg2 Rb8 16. a4 a6 17. Nc3 Qa5 18. Qc2 Nd4 19. Qd1 b5 20. axb5
axb5 21. Nxb5 Nxb5 22. cxb5 Rxb5 23. b3 Qc3 24. f4 Rb4 25. f5 exf5 26. exf5
Rd4 27. fxg6 hxg6 28. Rf3 Re8 29. Qf1 Re7 30. Bh3 f5 31. Bg2 Rd5 32. Kh1
Rde5 33. Qf2 Re2 34. Qg1 Bd4 35. Qd1 Re1+ 0-1

[Event "24th Open"]
[Site "Pula CRO"]
[Date "2010.06.19"]
[Round "1"]
[White "Kuljasevic,D"]
[Black "Kainz,J"]
[Result "1-0"]
[WhiteElo "2539"]
[BlackElo "2010"]
[EventDate "2010.06.19"]

1. d4 Nf6 2. c4 c5 3. d5 g6 4. Nc3 Bg7 5. e4 d6 6. Bd3 O-O 7. h3 e5 8. g4
Na6 9. Bg5 Qa5 10. Qd2 Nc7 11. Qe2 Bd7 12. Bd2 Qb6 13. Rb1 a5 14. Nf3 Na6
15. a3 Qc7 16. Nh2 Qc8 17. Nf1 b6 18. Ng3 Nc7 19. f3 Nfe8 20. Be3 Bf6 21.
h4 Qd8 22. Qh2 Ng7 23. a4 Be7 24. Bh6 Nce8 25. Ke2 f6 26. Rbg1 Rf7 27. Be3
Kh8 28. h5 gxh5 29. gxh5 h6 30. Bxh6 f5 31. Bxg7+ Rxg7 32. Nxf5 Bxf5 33.
exf5 Bg5 34. h6 Rg8 35. Ne4 Ra7 36. Nxg5 Rxg5 37. Qh4 Rxg1 38. Qxd8 Rxh1
39. Qxe8+ Kh7 40. f6+ 1-0

[Event "24th Open"]
[Site "Pula CRO"]
[Date "2010.06.19"]
[Round "1"]
[White "Obran,H"]
[Black "Zelcic,R"]
[Result "0-1"]
[WhiteElo "2009"]
[BlackElo "2538"]
[EventDate "2010.06.19"]

1. e4 Nf6 2. e5 Nd5 3. d4 d6 4. c4 Nb6 5. Nf3 Bg4 6. exd6 cxd6 7. h3 Bh5 8.
Bf4 e6 9. Nc3 Be7 10. Bd3 Nc6 11. g4 Bg6 12. h4 O-O 13. h5 Bxd3 14. Qxd3 e5
15. dxe5 dxe5 16. Qxd8 Raxd8 17. Nxe5 Nxe5 18. Bxe5 Nxc4 19. Bf4 Nxb2 20.
O-O Rd4 0-1

[Event "24th Open"]
[Site "Pula CRO"]
[Date "2010.06.19"]
[Round "1"]
[White "Cvitan,O"]
[Black "Teuschler,A"]
[Result "1-0"]
[WhiteElo "2521"]
[BlackElo "2008"]
[EventDate "2010.06.19"]

1. d4 d6 2. Nf3 Nf6 3. c4 Nbd7 4. Nc3 e5 5. e4 c6 6. Be2 Be7 7. O-O O-O 8.
Qc2 Re8 9. Rd1 Qc7 10. h3 Bf8 11. Be3 c5 12. d5 g6 13. a3 a6 14. b4 b6 15.
Rab1 Bg7 16. Rb2 Nh5 17. Rdb1 Nf4 18. Bf1 Ra7 19. g3 Nh5 20. Bd2 Nf8 21.
bxc5 bxc5 22. Na4 f5 23. Nb6 Qf7 24. Nxc8 Rxc8 25. Rb8 Rxb8 26. Rxb8 h6 27.
Bd3 f4 28. Kg2 Kh7 29. Qb1 fxg3 30. fxg3 Nf6 31. Qb6 Ne8 32. Rxe8 Rb7 33.
Qd8 Rd7 34. Qa8 Ra7 35. Qc6 Rc7 36. Qa4 Nd7 37. Re6 1-0

[Event "24th Open"]
[Site "Pula CRO"]
[Date "2010.06.19"]
[Round "1"]
[White "Sarcevic,Z"]
[Black "Drazic,S"]
[Result "0-1"]
[WhiteElo "2004"]
[BlackElo "2531"]
[EventDate "2010.06.19"]

1. e4 c5 2. Nf3 h6 3. d4 g5 4. Bc4 Bg7 5. Ne5 e6 6. Nxf7 Kxf7 7. Qh5+ Ke7
8. e5 Nc6 9. f4 Qe8 10. Qg4 b5 11. Bd3 cxd4 12. Nd2 Kd8 13. O-O Nge7 14.
Ne4 Nf5 15. Nd6 Nxd6 16. exd6 Bf8 17. fxg5 Bxd6 18. g6 Kc7 19. g7 Rg8 20.
Bxh6 Bb7 21. Rae1 Ne5 22. Rxe5 Bxe5 23. Bh7 Qe7 24. Bxg8 Rxg8 25. Rf8 Rxg7
26. Bxg7 Bxg7 27. Rg8 Be5 28. Qg5 Qxg5 29. Rxg5 Kd6 30. h4 Be4 31. c3 d3
32. Kf2 d2 33. Ke2 Bf4 34. Kd1 Bxg5 35. hxg5 Ke5 0-1

[Event "24th Open"]
[Site "Pula CRO"]
[Date "2010.06.19"]
[Round "1"]
[White "Jovanic,O"]
[Black "Kukina,M"]
[Result "1-0"]
[WhiteElo "2530"]
[BlackElo "1999"]
[EventDate "2010.06.19"]

1. d4 d5 2. Nf3 c6 3. c4 Nf6 4. Nc3 e6 5. Bg5 Nbd7 6. cxd5 exd5 7. e3 Bb4
8. Bd3 Qa5 9. Qc2 O-O 10. O-O Bxc3 11. bxc3 Re8 12. c4 Ne4 13. Bh4 Nf8 14.
Ne5 f6 15. Nf3 Bg4 16. Rfc1 Kh8 17. Bg3 Nxg3 18. hxg3 dxc4 19. Qxc4 Qh5 20.
Nh2 Be6 21. Qb4 Rab8 22. a4 Bd5 23. Rab1 f5 24. Rb2 Re6 25. Be2 Qg5 26. Nf3
Bxf3 27. Bxf3 h5 28. Rxc6 Rbe8 29. Rxe6 Nxe6 30. d5 1-0

[Event "24th Open"]
[Site "Pula CRO"]
[Date "2010.06.19"]
[Round "1"]
[White "Svaljek,R"]
[Black "Martinovic,Sa"]
[Result "0-1"]
[WhiteElo "1995"]
[BlackElo "2515"]
[EventDate "2010.06.19"]

1. d4 f5 2. Nf3 g6 3. c3 Bg7 4. Nbd2 Nf6 5. Qc2 d5 6. Ne5 O-O 7. Ndf3 Ne4
8. Bf4 e6 9. h4 Nd7 10. Qc1 Ndf6 11. Ng5 Nh5 12. Nxe4 fxe4 13. Bg5 Qe8 14.
g4 Nf6 15. Bh6 Nd7 16. Bxg7 Kxg7 17. h5 Nxe5 18. dxe5 Qf7 19. hxg6 Qxf2+
20. Kd1 Qxf1+ 21. Kc2 Qxc1+ 22. Raxc1 hxg6 0-1

[Event "24th Open"]
[Site "Pula CRO"]
[Date "2010.06.19"]
[Round "1"]
[White "Fercec,N"]
[Black "Jukic,Ma"]
[Result "1-0"]
[WhiteElo "2492"]
[BlackElo "1985"]
[EventDate "2010.06.19"]

1. e4 c5 2. Nf3 d6 3. d4 cxd4 4. Nxd4 Nf6 5. Nc3 a6 6. Bg5 e5 7. Bxf6 gxf6
8. Nf5 Be6 9. Nd5 Nc6 10. Bc4 Bxd5 11. Bxd5 Qd7 12. Qh5 Nd8 13. O-O-O Ne6
14. Bxe6 Qxe6 15. Rd5 O-O-O 16. g3 h6 17. Rhd1 Rg8 18. h4 Rg6 19. Kb1 Be7
20. Qe2 Rd7 21. c4 Rd8 22. c5 Rgg8 23. cxd6 Bf8 24. d7+ Kb8 25. Rd6 Bxd6
26. Rxd6 Qxd6 27. Nxd6 Rxd7 28. Nf5 Rgd8 29. a3 Rd2 30. Qe3 R8d3 31. Qb6 a5
32. Qxa5 Rxf2 33. Qb6 Rfd2 34. Qxf6 1-0

[Event "24th Open"]
[Site "Pula CRO"]
[Date "2010.06.19"]
[Round "1"]
[White "Janzelj,T"]
[Black "Saric,A"]
[Result "1/2-1/2"]
[WhiteElo "1984"]
[BlackElo "2489"]
[EventDate "2010.06.19"]

1. d4 Nf6 2. c4 e6 3. Nf3 b6 4. Bg5 h6 5. Bh4 Bb4+ 6. Nc3 Bb7 7. Nd2 Bxc3
8. bxc3 d6 9. f3 Nbd7 10. e4 e5 11. Bd3 Nf8 12. Bf2 Ne6 13. g3 Nd7 14. O-O
h5 15. Be3 h4 16. Kg2 Qf6 17. Nb3 hxg3 18. hxg3 g5 19. Qd2 Nf4+ 20. Bxf4
gxf4 21. Rh1 O-O-O 22. g4 a5 23. Qf2 a4 24. Nd2 exd4 25. cxd4 c5 26. e5
dxe5 27. d5 Rxh1 28. Rxh1 Rh8 29. Bf5 Rxh1 30. Kxh1 Qh8+ 31. Kg2 Kc7 32.
Ne4 Nf6 33. d6+ Kb8 34. Qb2 Nxe4 35. Bxe4 Ka7 36. Qb5 Bxe4 37. Qxa4+ Kb7
38. Qd7+ Ka6 39. Qa4+ Kb7 40. Qd7+ Ka6 1/2-1/2

[Event "24th Open"]
[Site "Pula CRO"]
[Date "2010.06.19"]
[Round "1"]
[White "Likavsky,T"]
[Black "Mesar,D"]
[Result "1-0"]
[WhiteElo "2473"]
[BlackElo "1983"]
[EventDate "2010.06.19"]

1. d4 Nf6 2. c4 g6 3. Nc3 Bg7 4. e4 d6 5. h3 O-O 6. Bg5 h6 7. Be3 a5 8. Bd3
e5 9. d5 Na6 10. Qd2 Kh7 11. Nge2 Nd7 12. f3 Nb4 13. Bb1 Nb6 14. b3 Nd7 15.
Nb5 Nc5 16. h4 Bd7 17. h5 g5 18. g4 Bxb5 19. cxb5 Qd7 20. Nc3 a4 21. Bxc5
dxc5 22. bxa4 Ra5 23. a3 Rfa8 24. O-O Rxa4 25. Nxa4 Rxa4 26. Qb2 Qxb5 27.
axb4 Rxb4 28. Qc3 Rd4 29. Ra5 Qe2 30. Ra2 Qb5 31. Rb2 Qa6 32. Qxc5 Qf6 33.
Qxc7 b5 34. Qc8 Qb6 35. Kg2 b4 36. Rc1 Qa5 37. Qf5+ 1-0

[Event "24th Open"]
[Site "Pula CRO"]
[Date "2010.06.19"]
[Round "1"]
[White "Kurecic,M"]
[Black "Kovacevic,Bl"]
[Result "0-1"]
[WhiteElo "1980"]
[BlackElo "2471"]
[EventDate "2010.06.19"]

1. d4 e6 2. e4 c5 3. c3 d5 4. e5 Nc6 5. Nf3 Bd7 6. Bb5 Nxe5 7. Be2 Nxf3+ 8.
Bxf3 Nf6 9. O-O Rc8 10. Re1 cxd4 11. Qxd4 Bc5 12. Qh4 O-O 13. Bg5 h6 14.
Bf4 Nh7 15. Qg3 Ng5 16. Nd2 Kh8 17. Bd1 f5 18. Be5 Rg8 19. Bh5 Be8 20. Bxe8
Qxe8 21. Nb3 Ne4 22. Rxe4 fxe4 23. Nxc5 Rxc5 24. Qe3 Qh5 25. Qxc5 Qxe5 26.
Qxa7 b5 27. Rd1 b4 28. Qc5 bxc3 29. bxc3 Ra8 30. a3 Ra4 31. Rd4 e3 32. Kf1
Qf5 33. f4 Qc2 0-1

[Event "24th Open"]
[Site "Pula CRO"]
[Date "2010.06.19"]
[Round "1"]
[White "Doric,D"]
[Black "Ramusch,A"]
[Result "1-0"]
[WhiteElo "2452"]
[BlackElo "1970"]
[EventDate "2010.06.19"]

1. d4 Nf6 2. Bg5 c5 3. Bxf6 gxf6 4. d5 Qb6 5. Qc1 f5 6. c4 Bg7 7. Nc3 e5 8.
g3 Qg6 9. f4 e4 10. Nh3 d6 11. Nf2 h5 12. e3 Na6 13. Rg1 Bd7 14. Be2 Nc7
15. Qd2 Rb8 16. a4 Na6 17. Nb5 Ra8 18. h3 Qf6 19. Nc3 Nb4 20. Qd1 a6 21.
Bxh5 Rxh5 22. Qxh5 Nc2+ 23. Kd2 Nxa1 24. Rxa1 Ke7 25. Qg5 Rh8 26. Qxf6+
Bxf6 27. b3 Rc8 28. Rb1 Bh4 29. Ne2 Bf6 30. a5 Kd8 31. Ke1 Kc7 32. g4 b6
33. axb6+ Kxb6 34. g5 Bh8 35. Kd2 Ka5 36. Kc2 Kb4 37. Nd1 Ka3 38. Ndc3 Rb8
39. Ra1+ 1-0

[Event "24th Open"]
[Site "Pula CRO"]
[Date "2010.06.19"]
[Round "1"]
[White "Hamitevici,V"]
[Black "Mrkalj,M"]
[Result "1-0"]
[WhiteElo "2421"]
[BlackElo "1965"]
[EventDate "2010.06.19"]

1. d4 e6 2. c4 Nf6 3. Nf3 b6 4. g3 Bb7 5. Bg2 d5 6. Ne5 Nbd7 7. Qa4 Bd6 8.
Nc3 Bxe5 9. dxe5 Ne4 10. Nxe4 dxe4 11. O-O c5 12. Rd1 Qc7 13. Bf4 Bc6 14.
Qc2 Qb7 15. Rd6 O-O 16. Rxc6 Qxc6 17. Bxe4 Qc7 18. Bxa8 Rxa8 19. Rd1 Nf8
20. Rd6 Qb7 21. Qd3 h6 22. Bd2 Re8 23. f4 Ng6 24. Rd7 Qa8 25. h4 Ne7 26. g4
Ng6 27. h5 Ne7 28. Bc3 a6 29. f5 exf5 30. gxf5 Qc6 31. e4 b5 32. b3 bxc4
33. bxc4 Kf8 34. f6 gxf6 35. exf6 Ng8 36. Qd5 Qxd5 37. exd5 Re3 38. Rd8+
Re8 39. Rxe8+ Kxe8 40. Kf2 Kd7 41. Ke3 Kd6 42. Kd2 Kc7 43. Kc2 Kb6 44. Kb3
Kc7 45. Ka4 Kb6 46. a3 Kb7 47. Ka5 Ka7 48. Be5 Kb7 49. a4 Ka7 50. d6 Kb7
51. d7 1-0

[Event "24th Open"]
[Site "Pula CRO"]
[Date "2010.06.19"]
[Round "1"]
[White "Bulatovic,M"]
[Black "Fodor,T jr"]
[Result "0-1"]
[WhiteElo "1964"]
[BlackElo "2420"]
[EventDate "2010.06.19"]

1. b3 e5 2. Bb2 Nc6 3. e3 Nf6 4. Bb5 d6 5. Bxc6+ bxc6 6. Ne2 Be7 7. O-O O-O
8. d3 Re8 9. e4 Bf8 10. Nd2 d5 11. Ng3 Bc5 12. h3 Nd7 13. Nf3 Ba6 14. Re1
d4 15. Bc1 Nf8 16. Bd2 Rb8 17. a4 Bd6 18. Nf5 Ne6 19. Nxd6 cxd6 20. b4 f6
21. Qb1 d5 22. exd5 cxd5 23. b5 Bb7 24. Qb2 Qb6 25. Rab1 Ra8 26. Qa3 Qc7
27. Rec1 e4 28. Ne1 e3 29. fxe3 dxe3 30. Bxe3 d4 31. Bd2 Qg3 32. Qb3 Kh8
0-1

[Event "24th Open"]
[Site "Pula CRO"]
[Date "2010.06.19"]
[Round "1"]
[White "Nikolic,Stank"]
[Black "Stokke,K"]
[Result "0-1"]
[WhiteElo "1963"]
[BlackElo "2399"]
[EventDate "2010.06.19"]

1. e4 c5 2. Nf3 g6 3. d4 cxd4 4. Nxd4 Nc6 5. Nc3 Bg7 6. Be3 Nf6 7. Nxc6
bxc6 8. Be2 O-O 9. O-O Rb8 10. Rb1 Qa5 11. f4 d6 12. h3 Ba6 13. f5 Nd7 14.
fxg6 hxg6 15. Bd2 Qc5+ 16. Kh1 Bxe2 17. Qxe2 Nb6 18. Be3 Qc4 19. Qf2 Na4
20. Nxa4 Qxa4 21. b3 Qxa2 22. Bxa7 Rb4 23. Be3 Rxe4 24. Qd2 Qa6 25. c4 c5
26. Bh6 Bxh6 27. Qxh6 Qa2 28. Qg5 Re5 29. Qg3 Qd2 30. Rf3 Rg5 31. Qh2 Ra8
32. Rbf1 f6 33. h4 Rg4 34. Qh3 Qd4 35. g3 Ra2 36. Rf4 Rxf4 37. Rxf4 Ra1+
38. Rf1 Qe4+ 39. Kg1 Qe3+ 40. Kg2 Qe2+ 41. Kg1 Qxf1+ 42. Qxf1 Rxf1+ 43.
Kxf1 Kg7 44. Kf2 g5 45. hxg5 f5 46. Kf3 e5 47. g4 f4 0-1

[Event "24th Open"]
[Site "Pula CRO"]
[Date "2010.06.19"]
[Round "1"]
[White "Rukavina,J"]
[Black "Svendsen,Pet"]
[Result "1-0"]
[WhiteElo "2397"]
[BlackElo "1963"]
[EventDate "2010.06.19"]

1. g3 g6 2. Bg2 Bg7 3. d4 d6 4. Nc3 Nf6 5. e4 O-O 6. Nge2 c6 7. a4 e5 8.
O-O Na6 9. h3 Nb4 10. a5 Nh5 11. Be3 f5 12. dxe5 Bxe5 13. Qd2 Be6 14. Ra4
Na6 15. exf5 gxf5 16. Re1 Qc7 17. Rh4 Bf7 18. b4 Rae8 19. Bf3 Ng7 20. Rb1
Bf6 21. Rh6 Re6 22. Nd4 Bxd4 23. Bxd4 Bg6 24. Ne2 Rxe2 25. Bxe2 f4 26. Bd3
fxg3 27. fxg3 Bxd3 28. Qxd3 Nf5 29. Rf6 Nxd4 30. Rxf8+ Kxf8 31. Qxd4 Kg8
32. Qg4+ Kh8 33. Re1 Qf7 34. Qd4+ 1-0

[Event "24th Open"]
[Site "Pula CRO"]
[Date "2010.06.19"]
[Round "1"]
[White "Jergovic,A"]
[Black "Feletar,D"]
[Result "0-1"]
[WhiteElo "1961"]
[BlackElo "2390"]
[EventDate "2010.06.19"]

1. d4 e6 2. Nf3 c5 3. c4 cxd4 4. Nxd4 Nf6 5. Nc3 Bb4 6. Qc2 Nc6 7. Nxc6
dxc6 8. e3 e5 9. Bd2 Be6 10. a3 Be7 11. Be2 O-O 12. O-O Nd7 13. Rfd1 f5 14.
b4 Qe8 15. b5 Qf7 16. bxc6 bxc6 17. Na4 Rfb8 18. Qa2 e4 19. Bc3 Bf8 20.
Rab1 Nb6 21. Nb2 Rb7 22. Rd2 Nxc4 23. Nxc4 Rxb1+ 24. Qxb1 Bxc4 25. Bxc4
Qxc4 26. Qb2 Qf7 27. a4 Re8 28. a5 Bc5 29. Bd4 Bxd4 30. Rxd4 c5 31. Rd6 Rc8
32. a6 h6 33. g3 c4 34. Qb7 Rc7 35. Rd8+ Kh7 36. Qb8 c3 37. h4 c2 38. h5
c1=Q+ 39. Kg2 Qxh5 40. Rh8+ Kg6 41. Qe8+ Rf7 0-1

[Event "24th Open"]
[Site "Pula CRO"]
[Date "2010.06.19"]
[Round "1"]
[White "Franic,M"]
[Black "Pejic,Ig"]
[Result "1-0"]
[WhiteElo "2390"]
[BlackElo "1958"]
[EventDate "2010.06.19"]

1. c4 c6 2. g3 d5 3. Bg2 Nf6 4. Nf3 Bg4 5. O-O e6 6. b3 Nbd7 7. Bb2 Bd6 8.
d4 O-O 9. Ne5 Bh5 10. Nd2 Qb8 11. Nd3 Rd8 12. Qe1 e5 13. cxd5 cxd5 14. dxe5
Nxe5 15. Nf4 Bb4 16. a3 Ba5 17. Qd1 Qd6 18. b4 Bb6 19. Qb3 Bg6 20. Rad1
Rac8 21. Nxg6 hxg6 22. Ne4 Nxe4 23. Bxe4 d4 24. Bxb7 Rc7 25. Bg2 Rcd7 26.
h3 Kh7 27. Kh2 g5 28. a4 Rh8 29. a5 Ng4+ 30. Kg1 Bc7 31. hxg4 Kg8 32. Rfe1
Qh6 33. Rxd4 Qh2+ 34. Kf1 1-0

[Event "24th Open"]
[Site "Pula CRO"]
[Date "2010.06.19"]
[Round "1"]
[White "Myhrvold,J"]
[Black "Bukal,V jr"]
[Result "0-1"]
[WhiteElo "1957"]
[BlackElo "2388"]
[EventDate "2010.06.19"]

1. e4 g6 2. d4 d6 3. Nf3 Bg7 4. Be3 Nf6 5. Bd3 c5 6. c3 O-O 7. h3 Qc7 8.
O-O b6 9. Qe2 e5 10. dxe5 dxe5 11. Na3 Bb7 12. Bg5 Nbd7 13. Rad1 a6 14. c4
Nh5 15. g3 h6 16. Bc1 f5 17. Nd2 f4 18. g4 Nhf6 19. f3 Nb8 20. Ndb1 Nc6 21.
Nc3 Nd4 22. Qf2 Bc6 23. Nc2 b5 24. b3 Nd7 25. Nd5 Qd6 26. Ba3 b4 27. Bb2 a5
28. Nxd4 exd4 29. Kg2 a4 30. Bb1 Ne5 31. Qd2 g5 32. Qf2 Bd7 33. Rh1 Rf7 34.
Rhg1 h5 35. Rd2 Ra6 36. Bc2 Qb8 37. Qf1 Rh6 38. Kf2 hxg4 39. hxg4 Rh4 40.
Rh1 Rxh1 41. Qxh1 axb3 42. axb3 Bxg4 0-1

[Event "24th Open"]
[Site "Pula CRO"]
[Date "2010.06.19"]
[Round "1"]
[White "Biti,O"]
[Black "Bessarab,V"]
[Result "1-0"]
[WhiteElo "2376"]
[BlackElo "1952"]
[EventDate "2010.06.19"]

1. e4 e5 2. Nf3 Nc6 3. Bc4 Nf6 4. d3 Be7 5. O-O d6 6. Re1 Na5 7. Bb3 Nxb3
8. axb3 Bg4 9. Nbd2 O-O 10. Nf1 Ne8 11. h3 Bxf3 12. Qxf3 Bg5 13. Bxg5 Qxg5
14. Ne3 g6 15. b4 Ng7 16. c3 Ne6 17. Qg4 Qxg4 18. hxg4 Nf4 19. g3 Ne6 20.
b5 Kg7 21. b4 Rh8 22. Kg2 h5 23. Rh1 hxg4 24. Rxh8 Kxh8 25. Nxg4 a5 26.
Rxa5 Rf8 27. Nf6 Kg7 28. Nd5 Rb8 29. Ra7 Kf8 30. f3 Ke8 31. Kf2 Kd8 32. Ke3
g5 33. Kf2 Kd7 34. Kg2 Nf8 35. Kh3 Ng6 36. Kg4 c6 37. bxc6+ Kxc6 38. Kxg5
Nf8 39. Kf6 Nd7+ 40. Ke7 Nb6 41. Nxb6 Kxb6 42. Ra2 Rg8 43. g4 1-0

[Event "24th Open"]
[Site "Pula CRO"]
[Date "2010.06.19"]
[Round "1"]
[White "Kaczur,F"]
[Black "Bellia,F"]
[Result "0-1"]
[WhiteElo "1948"]
[BlackElo "2373"]
[EventDate "2010.06.19"]

1. d4 Nf6 2. c4 e6 3. Nf3 c5 4. d5 exd5 5. cxd5 d6 6. Nc3 g6 7. Nd2 a6 8.
a4 Nbd7 9. e4 Bg7 10. Nc4 Nb6 11. Na3 O-O 12. Be2 Qe7 13. Qc2 Re8 14. f3
Nh5 15. g3 Bh3 16. Bd2 f5 17. O-O-O Bxc3 18. Bxc3 fxe4 19. fxe4 Qxe4 20.
Bd3 Qxa4 21. Qd2 Qg4 22. Qh6 Na4 23. Nc4 Nxc3 24. bxc3 Rad8 25. Ne3 Qd7 26.
g4 Qg7 27. Qxg7+ Nxg7 28. Kd2 Rf8 29. Ke2 Rde8 30. Rdg1 Rf4 31. Kd2 Rf2+
32. Be2 h5 33. gxh5 gxh5 34. Ke1 Rf7 35. Rg3 Bg4 36. Bxg4 hxg4 37. h3 Nf5
38. Rxg4+ Kf8 0-1

[Event "24th Open"]
[Site "Pula CRO"]
[Date "2010.06.19"]
[Round "1"]
[White "Sklyarov,D"]
[Black "Bacci,L"]
[Result "1-0"]
[WhiteElo "2373"]
[BlackElo "1944"]
[EventDate "2010.06.19"]

1. e4 c6 2. d4 d5 3. exd5 cxd5 4. c3 Nf6 5. Nf3 Nc6 6. Bf4 Bg4 7. Nbd2 e6
8. Qb3 Qb6 9. Bd3 Be7 10. O-O O-O 11. Rfe1 Rac8 12. Ne5 Nxe5 13. Bxe5 Bh5
14. Qxb6 axb6 15. f3 Bg6 16. Bf1 h5 17. Nb3 h4 18. g4 Nh7 19. h3 Ng5 20.
Bg2 b5 21. a3 b4 22. axb4 Bxb4 23. f4 1-0

[Event "24th Open"]
[Site "Pula CRO"]
[Date "2010.06.19"]
[Round "1"]
[White "Birg,Jovan"]
[Black "Praznik,N"]
[Result "0-1"]
[WhiteElo "1941"]
[BlackElo "2354"]
[EventDate "2010.06.19"]

1. e4 e6 2. d4 d5 3. Nc3 Bb4 4. Bd3 dxe4 5. Bxe4 Nf6 6. Bd3 O-O 7. a3 Be7
8. Be3 Nbd7 9. Nf3 b6 10. Qd2 Bb7 11. O-O-O c5 12. Rhg1 cxd4 13. Nxd4 Ne5
14. Be2 Qc8 15. g4 Rd8 16. f4 Nc4 17. Bxc4 Qxc4 18. Qd3 Qc8 19. Rg3 Ba6 20.
Qd2 Nd5 21. Nxd5 Rxd5 22. Bg1 Qd7 23. Kb1 Rd8 24. c3 f6 25. Qc2 e5 26. Rh3
g6 27. fxe5 fxe5 28. Qb3 exd4 29. Bxd4 Qxg4 30. Rg3 Bc4 31. Qxc4 Qxd1+ 32.
Ka2 Kf8 33. Rh3 Rxd4 34. cxd4 Qxd4 35. Qf1+ Kg7 36. Qc1 Qd5+ 37. Rb3 Bf6
38. Qf4 Rd7 39. h4 Rf7 0-1

[Event "24th Open"]
[Site "Pula CRO"]
[Date "2010.06.19"]
[Round "1"]
[White "Balazs,G2"]
[Black "Kanceljak,D"]
[Result "1-0"]
[WhiteElo "2352"]
[BlackElo "1941"]
[EventDate "2010.06.19"]

1. d4 Nf6 2. c4 g6 3. Nc3 Bg7 4. e4 d6 5. Be2 O-O 6. Be3 e5 7. Nf3 Re8 8.
d5 Na6 9. Nd2 c6 10. O-O cxd5 11. cxd5 Nc7 12. Rc1 Bd7 13. Nc4 Bb5 14. Nxb5
Nxb5 15. Nb6 axb6 16. Bxb5 Rf8 17. Bd3 Nd7 18. Bb1 Nc5 19. b4 Na4 20. Qe2
Qd7 21. Bd3 Rfc8 22. Bb5 Qd8 23. Rxc8 Qxc8 24. Rc1 Qb8 25. Qc2 Qa7 26. Bxa4
Qxa4 27. Qxa4 Rxa4 28. Rc8+ Bf8 29. Bh6 1-0

[Event "24th Open"]
[Site "Pula CRO"]
[Date "2010.06.19"]
[Round "1"]
[White "Schnepel,T"]
[Black "Orak,L"]
[Result "0-1"]
[WhiteElo "1940"]
[BlackElo "2343"]
[EventDate "2010.06.19"]

1. e4 c5 2. Nf3 d6 3. d4 cxd4 4. Nxd4 Nf6 5. Nc3 e6 6. Be3 Be7 7. f4 O-O 8.
Qf3 a6 9. O-O-O Qc7 10. g4 b5 11. g5 Nfd7 12. f5 b4 13. Nce2 Ne5 14. Qg3
Nbc6 15. Bh3 Nxd4 16. Nxd4 exf5 17. exf5 Re8 18. Rhf1 Bf8 19. Bf4 Bb7 20.
g6 hxg6 21. Bxe5 Rxe5 22. fxg6 Bd5 23. gxf7+ Bxf7 24. Rd2 Rae8 25. Nf5 Bc4
26. Rg1 Re2 27. Rxe2 Rxe2 28. Nh6+ Kh8 29. Nf5 Bg8 30. Nd4 Bh7 31. Qb3 Rxh2
32. Bf5 Bxf5 33. Nxf5 Qc5 34. Rf1 g6 35. Ng3 Bh6+ 36. Kb1 Qe5 37. Qf3 Bg7
38. Qb3 a5 39. a4 Rh3 40. Rf3 Kh7 41. Ka2 Rh4 42. Re3 Qd4 43. Rd3 Qf6 44.
Rf3 Qe5 45. Re3 Qg5 46. Ne4 Qf4 47. Nd2 Rh2 48. Nc4 Qf5 49. Nxd6 Qf1 50.
Re8 Qf6 51. Qg8+ Kh6 52. Nf7+ Kh5 53. Re5+ Kg4 54. Qc8+ Kg3 55. Qc7 Qf4 56.
Re3+ Kg4 57. Qd7+ Kh5 58. Qd5+ g5 59. Rf3 b3+ 60. Rxb3 Rxc2 61. Rh3+ Kg6
62. Qd3+ Qf5 63. Nh8+ Bxh8 64. Qxf5+ Kxf5 65. Rxh8 g4 66. Kb1 Rc4 67. Rh5+
Kf4 68. Rxa5 g3 69. Ra8 Rc5 70. Rf8+ Rf5 71. Rc8 g2 72. Rc1 Kg3 73. Rg1
Rf1+ 0-1

[Event "24th Open"]
[Site "Pula CRO"]
[Date "2010.06.20"]
[Round "2"]
[White "Raguz,Dari"]
[Black "Predojevic,B"]
[Result "1/2-1/2"]
[WhiteElo "2186"]
[BlackElo "2628"]
[EventDate "2010.06.19"]

1. e4 c5 2. Nf3 e6 3. d4 cxd4 4. Nxd4 a6 5. Bd3 Nf6 6. O-O d6 7. c4 b6 8.
Nc3 Bb7 9. Qe2 g6 10. Rd1 Nbd7 11. Nf3 Rc8 12. Bf4 Be7 13. Rac1 O-O 14. Bc2
Qc7 15. b3 Rfe8 16. a4 Ne5 17. h3 Nh5 18. Be3 Nxf3+ 19. Qxf3 f5 20. Bh6 Bf6
21. Qe3 f4 22. Qd3 Be5 23. Ne2 Qf7 24. Nd4 Nf6 25. f3 Kh8 26. Bg5 Rg8 27.
Ne2 Nd7 28. Bh4 g5 29. Bf2 Rg6 30. Bd4 Bxd4+ 31. Nxd4 Rf6 32. Rd2 h5 33.
Kf2 Ne5 34. Qc3 Qc7 35. Qb4 Qc5 36. Qxc5 bxc5 37. Ne2 Nf7 38. a5 Bc6 39.
Nc3 e5 40. Rcd1 Kg7 41. Rb1 Rb8 42. Na2 Re6 43. Bd3 Re7 44. Rdb2 Reb7 45.
b4 Nd8 46. b5 Ne6 47. Nc3 Nd4 48. b6 h4 49. Nd5 Rf7 50. Nc7 Bb7 1/2-1/2

[Event "24th Open"]
[Site "Pula CRO"]
[Date "2010.06.20"]
[Round "2"]
[White "Felgaer,R"]
[Black "Kljako,D"]
[Result "1-0"]
[WhiteElo "2585"]
[BlackElo "2183"]
[EventDate "2010.06.19"]

1. e4 g6 2. d4 Bg7 3. Nc3 d6 4. f4 Nf6 5. Nf3 O-O 6. Bd3 Nc6 7. O-O Bg4 8.
e5 dxe5 9. dxe5 Nd5 10. h3 Bxf3 11. Qxf3 Ndb4 12. Be4 f5 13. exf6 exf6 14.
f5 g5 15. Be3 Re8 16. Rad1 Qe7 17. a3 Na2 18. Bd5+ Kh8 19. Ne4 Qe5 20. c3
Rad8 21. Be6 h6 22. Rxd8 Nxd8 23. Bd4 Qb5 24. Bxa2 Qxb2 25. Bc4 Rf8 26.
Nxg5 Qxa3 27. Ne6 1-0